Champions League 2025/26 Endtabelle Ligaphase - Statistiken

Allgemein
  • Dieses Quiz wurde 198 mal gespielt
  • Das Durchschnittsergebnis liegt bei 31 aus 36
Antwortstatistiken
# Punkte Nation Verein % Korrekt
1 24 England Arsenal London
99%
2 21 Deutschland FC Bayern München
99%
9 15 Spanien Real Madrid
98%
5 16 Spanien FC Barcelona
97%
8 16 England Manchester City
97%
11 14 Frankreich Paris SG
97%
14 13 Spanien Atletico Madrid
95%
17 11 Deutschland Borussia Dortmund
95%
3 18 England FC Liverpool
95%
10 15 Italien Inter Mailand
95%
7 16 Portugal Sporting Lissabon
95%
16 12 Deutschland Bayer Leverkusen
93%
24 9 Portugal Benfica Lissabon
93%
20 10 Türkei Galatasaray
93%
13 13 Italien Juventus Turin
92%
6 16 England FC Chelsea
91%
4 17 England Tottenham Hotspur
90%
32 6 Niederlande Ajax Amsterdam
88%
33 4 Deutschland Eintracht Frankfurt
87%
12 14 England Newcastle United
87%
23 9 Norwegen FK Bodö/Glimt
85%
25 9 Frankreich Olympique Marseille
85%
28 8 Niederlande PSV Eindhoven
84%
30 8 Italien SSC Neapel
83%
19 10 Belgien Club Brügge
81%
15 13 Italien Atalanta Bergamo
80%
18 11 Griechenland Olympiakos Piräus
79%
34 3 Tschechien Slavia Prag
79%
31 8 Dänemark FC Kopenhagen
78%
21 10 Frankreich AS Monaco
76%
35 1 Spanien FC Villarreal
76%
29 8 Spanien Athletic Bilbao
66%
22 10 Aserbaidschan Qarabag Agdam
60%
27 9 Belgien Union Saint-Gilloise
56%
26 9 Zypern Pafos FC
55%
36 1 Kasachstan Qairat Almaty
53%
Keine übereinstimmenden Quizze gefunden
Verteilung der Resultate
Anzahl Personen mit jedem Resultat
Perzentil nach korrekt beantworteten Fragen
Ihre Resultats-Entwicklung
Sie haben dieses Quiz noch nicht gespielt